Word Ladder: Think Outside the Box Quiz Stats

 Plays Quiz Updated Aug 25, 2017

Challenge
Share
Tweet
Embed
Score 0/32 Timer 04:00
1 Play Today
Clue 4-Letter Word % Correct
Algebra or calculus, e.g.MATH
95.6%
TV silencing buttonMUTE
95.2%
Midterm or final, e.g.TEST
94.5%
LeBlanc of 'Friends'MATT
93.9%
Italy's shapeBOOT
93.6%
The majority ofMOST
91.9%
Summer solstice monthJUNE
91.8%
Tarzan's loveJANE
91.8%
Has toMUST
90.4%
Mangy curMUTT
90.3%
• ___ Box: Shouldered stereo ••BOOM•
90.1%
Ultimate or finalLAST
89.7%
Of sound mindSANE
89.7%
Prepare potatoesMASH
89.4%
Artist's inspirationMUSE
89.2%
The spoils of a robberyLOOT
89.1%
Clue 4-Letter Word % Correct
• ___ Box: Kiddie playground area ••SAND•
88.8%
A machine for weavingLOOM
88%
WisecrackJOKE
87.7%
For fear thatLEST
87.1%
Not worth debating, like some pointsMOOT
86.9%
• ___ Box: Classic diner feature ••JUKE•
86.9%
Jab playfullyPOKE
84%
Playbill listingCAST
83.9%
• ___ Box: Where to go when the lights go out ••FUSE•
83.8%
Door fastenerBOLT
83.8%
• ___ Box: Lockable money container ••CASH•
83.6%
Dishevel, like hair MUSS
81%
Fishing gearPOLE
80.1%
A big to-doFUSS
79.5%
Tree trunkBOLE
76.1%
• ___ Box: Webpage input location ••TEXT•
69.3%

Today's Daily Dose

Missing Word
Entertainment 'L'

Word Ladder
Fingers

Quick Pick
When in Rome

On This Day
December 15th II

You're not logged in!

Compare scores with friends on all Sporcle quizzes.
OR
Log In

You Might Also Like...

Show Comments

Extras

Top Quizzes Today


Score Distribution

Your Account Isn't Verified!

In order to create a playlist on Sporcle, you need to verify the email address you used during registration. Go to your Sporcle Settings to finish the process.

Report this User

Report this user for behavior that violates our Community Guidelines.

Details: